Freedom from profit : (Record no. 92835)

MARC details
000 -LEADER
fixed length control field 00668nam a22002057a 4500
005 - DATE AND TIME OF LATEST TRANSACTION
control field 20150514144212.0
010 ## - LCCN (DPL NO)
LC control number ENG-112653
020 ## - INTERNATIONAL STANDARD BOOK NUMBER
International Standard Book Number 9789382396185
Terms of availability 475.00
035 ## - SYSTEM CONTROL NUMBER
System control number EN-96185
037 ## - SOURCE OF ACQUISITION
Source of stock number/acquisition DBAD/PUB
082 ## - DEWEY DECIMAL CLASSIFICATION NUMBER
Classification number 346.0482
100 ## - MAIN ENTRY--PERSONAL NAME
Personal name Ghosh, Arjun
245 00 - TITLE STATEMENT
Title Freedom from profit :
Statement of responsibility, etc by Arjun Ghosh
Remainder of title eschewing copyright in resistance art /
260 ## - PUBLICATION, DISTRIBUTION, ETC. (IMPRINT)
Place of publication, distribution, etc Shimla
Name of publisher, distributor, etc Indian Institute of Advanced Study
Date of publication, distribution, etc 2014
270 ## - ADDRESS
Address Rashtrapati Nivas
City Shimla
Postal code 171005
300 ## - PHYSICAL DESCRIPTION
Extent 97p.
Dimensions 22cm(Hb)
500 ## - GENERAL NOTE
General note Includes bibliographical references (pages 93-97).
650 ## - SUBJECT ADDED ENTRY--TOPICAL TERM
Topical term or geographic name as entry element Copyright.
942 ## - ADDED ENTRY ELEMENTS (KOHA)
Source of classification or shelving scheme Dewey Decimal Classification
Item type English Books
Call number suffix GHO
Classification part 346.0482
Holdings
Withdrawn status Lost status Not for loan Collection code Home library Current library Date acquired Source of acquisition Cost, normal purchase price Full call number Barcode Copy number Cost, replacement price Koha item type
    Not For Loan Non-fiction D.B.Act.Division D.B.Act.Division 09/04/2015 DBAD/PUB 475.00 346.0482 GHO EN-96185 1 475.00 English Books

© Delhi Public Library
Hit Counter
free hit counter